000 01509cam a22002771i 4500
003 SA-RiAUC
005 20251004161419.0
008 250929s2007 mr a g b f00000cara c
020 _a9953814112
040 _aSA-RiIMS
_bara
_cSA-RiAUC
_erda
082 0 4 _a922.6
090 _a922.6
_bت م س
100 1 _aالتمسماني، المختار محمد
_eمؤلف.
245 1 0 _aصديقون ريحانة طنجة سيدي محمد بن الصديق وأنجاله الأشقاء الخمسة الغماريون السادة أحمد، عبد الله، محمد الزمزومي، عبد الحي وعبد العزيز رحمهم الله /
_cالمختار محمد التمسماني ؛ تقديم أبي الفتوح عبد الله التليدي.
250 _aالطبعة الأولى.
264 1 _aالدار البيضاء، المغرب :
_aبيروت :
_bمركز التراث الثقافي العربي ؛
_bدار ابن حزم للطباعة والنشر،
_c2007.
300 _a288 صفحة :
_bمصور ؛
_c24 سم
336 _aنص
_btxt
_2rdacontent
_3كتاب
337 _aبدون وسيط
_bn
_2rdamedia
338 _aمجلد
_bnc
_2rdacarrier
504 _aيشتمل على إرجاعات ببليوجرافية.
650 7 _aالمتصوفون
_zالمغرب
_zطنجة
_vتراجم
_2aucsh
700 1 _aالتليدي، عبد الله بن عبد القادر بن أحمد،
_d1926-2017
_eمقدم.
942 _2ddc
_cBOOK
_n0
949 _aSA-JeALM
_d250929
_umohamedma123
_n1
999 _c12360
_d12360